00734cam a22002411 4500001001300000003000400013005001700017008004100034010001700075035002000092040002100112042001200133050002200145100003400167245009800201250001700299260003300316300004200349651004000391700002300431752002100454999001700475he 67001470 DLC20260227111448.0830127s1966 is ab 000 0 heb  ahe 67001470  a(OCoLC)19167777 aDLCcMHdCUdDLC apremarc00aDS110.J8bA6 19661 aAharoni, Yohanan,d1919-1976.10aBe-ʻiḳvot melakhim u-mordim be-Midbar Yehudah /cme-et Yoḥanan Aharoni u-Beno Rotenberg. aMahadurah 4. aTel Aviv :bMasadah,c[1966] a189 p. :bill., maps, plans ;c23 cm. 0aJudaea, Wilderness ofxAntiquities.1 aRothenberg, Benno. aIsraeldTel Aviv c32519d32519